000 00314nam a22001457a 4500
003 SGT
020 _a978-81-7084-633-0
082 _a615.53
_bA15M
100 _aMEHTA,ANIL.K
245 _aAYURVEDA & DIETETICS
260 _aDELHI
_bCHAUKHAMBA PUB
_c2015
300 _a176
650 _aAYURVEDA
942 _2ddc
_cBK
999 _c16538
_d16538